La interpretación y los apotegmas jurídico-lógicos

Guardat en:
Dades bibliogràfiques
Autor principal: Villar Palasi, José Luis (Autor)
Format: Llibre
Idioma:espanyol
Publicat: Madrid Tecnos 1975
Col·lecció:Biblioteca Tecnos de Estudios Jurídicos
Matèries:
Etiquetes: Afegir etiqueta
Sense etiquetes, Sigues el primer a etiquetar aquest registre!

MARC

LEADER 00000nam a2200000 a 4500
001 UCR3586
003 CL-VaPUC
008 980128e19750000SP |||||||||||||||||spa|d
082 0 4 |a 340.11  |b VIL  |2 21 
100 0 |a Villar Palasi, José Luis  |e author  |9 402532 
245 1 3 |a La interpretación y los apotegmas jurídico-lógicos 
300 |a 283 p 
942 |c BK 
945 |d 19980128 00:00:00  |a crobeson 
260 |a Madrid  |b Tecnos  |c 1975 
650 7 |a INTERPRETACION DEL DERECHO  |2 CL-VaPUC  |9 402533 
650 0 |a Lógica deóntica  |9 256021 
650 7 |a PARADOJAS  |2 CL-VaPUC  |9 385971 
650 0 |a Análisis lingüístico  |9 314711 
650 0 |a Aforismos   |9 369442 
650 0 |a Interpretación   |9 258846 
583 |a last modification  |c 19980128 00:00:00  |k Rodrigo Vera 
490 0 |a Biblioteca Tecnos de Estudios Jurídicos 
999 |c 266642  |d 266640 
952 |0 0  |1 0  |4 0  |6 340_110000000000000_VIL_1975  |7 0  |8 DER_TF  |9 298428  |a BIBDER  |b BIBDER  |d 2019-11-20  |i 1947818  |o 340.11 VIL 1975  |p 1947818  |r 2023-01-25  |w 2019-11-20  |x Ubicación 4to Piso  |y BK  |z Estos recursos deben solicitarse con anticipación  |k DER